| 000 | 01396nam0a2200337 4500 | ||
|---|---|---|---|
| 001 | RU\NLR\BIBL_A\010705608 | ||
| 005 | 201504090506 | ||
| 010 |
_a978-5-4335-0160-7 _95000 |
||
| 021 |
_aRU _b2015-7381 _9463 |
||
| 035 | _a(NLR Aleph) 010705608 | ||
| 035 | _a(NILC)RuMoRGB-007882929 | ||
| 090 |
_a9742112 _c9742112 |
||
| 100 | _a20150323d2014 c y0rusy50 ca | ||
| 101 | 0 | _arus | |
| 102 | _aRU | ||
| 105 | _aa z 000ay | ||
| 200 | 1 |
_aЛоскутик и Облако _e[сказка _eдля младшего школьного возраста] _fСофья Прокофьева _gрис. Раисы и Геннадия Калиновских |
|
| 210 |
_aМосква _cНигма _d2014 |
||
| 215 |
_a164, [3] с. _cцв. ил. _d30 |
||
| 333 | _a6+ | ||
| 686 | 0 | _aШ9(2)60=Р7-2 | |
| 700 | 1 |
_7ca _8rus _aПрокофьева _bС. Л. _f1928-2025 _gСофья Леонидовна _9112700 _3RU\NLR\AUTH\772692 |
|
| 702 | 1 |
_4440 _7ca _8rus _aКалиновская _bР. М. _cхудожник _gРаиса Михайловна _972434 _3RU\NLR\auth\7789506 |
|
| 702 | 1 |
_4440 _7ca _8rus _aКалиновский _bГ. В. _cхудожник _f1929-2006 _gГеннадий Владимирович _972433 _3RU\NLR\AUTH\7789505 |
|
| 801 | 0 |
_aRU _bРГБ _c20140922 _gRCR |
|
| 942 | _cBOOK | ||
| 980 | _aNBR | ||
| 980 | _aNB | ||